[Event "Club Championships"]
[Site "Wellington Chess Club"]
[Date "2013.09.19"]
[Round "8"]
[White "Cook, John"]
[Black "Jackson, Ross"]
[Result "0-1"]
[WhiteElo "1604"]
[BlackElo "1990"]

1. d4 Nf6 2. e3 c5 3. c3 e6 4. Bd3 Nc6 5. Nd2 b6 6. f4 Bb7 7. Ngf3 cxd4 8. exd4
Nd5 9. Nc4 Qc7 10. Qd2 Ncb4 11. Bb1 $4 Qxc4 12. Ne5 Qc7 13. O-O Nc6 14. Qf2 d6
15. Ng4 h5 16. Ne3 Nf6 17. h3 O-O-O 18. Bd2 d5 19. Bd3 Ne4 20. Bxe4 dxe4 21.
Kh1 Ba6 22. Rfc1 Bd3 23. f5 Bd6 24. b3 Bg3 25. Qg1 Ne7 26. fxe6 fxe6 27. c4 Kb8
28. c5 Rhf8 29. cxb6 Qxb6 30. Nc4 Qa6 31. Ne5 Bxe5 32. dxe5 Nf5 33. Bb4 Rf7 (
33... Ng3+ 34. Kh2 Ne2 35. Qe1 Nxc1 36. Bxf8 Rxf8 37. Qxc1) 34. Kh2 Rd5 35. Rc3
Rxe5 36. Rac1 Rd5 37. Rc6 Qxa2 38. Rc8+ Kb7 39. Ra1 Qxa1 40. Qxa1 Kxc8 41. Qc3+
Kb7 42. Bc5 Nd6 43. Qa5 Nb5 44. b4 Rc7 45. Qa1 a6 46. Qe1 Nd6 47. Qf2 Nc4 48.
Ba7 Rb5 49. Bc5 a5 50. Qa2 axb4 51. Qa7+ Kc6 52. Qa6+ Kxc5 53. Qxe6 b3 54. Qf5+
Kb4 55. Qf8+ Rcc5 {(b2 then b1=Q etc.)} 0-1

[Event "Club Championships"]
[Site "Wellington Chess Club"]
[Date "2013.09.19"]
[Round "8"]
[White "Cunningham, Patrick"]
[Black "Farrington, Lawrence"]
[Result "1-0"]
[WhiteElo "1590"]
[BlackElo "1761"]

1. e4 e6 2. d4 d5 3. Nc3 Bb4 4. e5 Ne7 5. Nf3 c5 6. Bb5+ Bd7 7. Bxd7+ Nxd7 8.
O-O Bxc3 9. bxc3 Nf5 10. Bg5 Qc7 11. Re1 h6 12. Bc1 O-O 13. Ba3 Rfe8 14. Qe2
cxd4 15. cxd4 Rac8 16. Rab1 b6 17. Qb5 Qc6 18. Qa6 Rc7 19. Rec1 Qc4 20. Qb5
Qxb5 21. Rxb5 g6 22. h3 Rec8 23. Rb2 Rc3 24. Bb4 R3c4 25. c3 Nxd4 26. Nxd4 Rxd4
27. cxd4 Rxc1+ 28. Kh2 Nb8 29. Bd2 Rc4 30. Bxh6 Nc6 31. Bg5 Nxd4 32. Bf6 Nc6
33. a3 Rc3 34. a4 Kf8 35. f3 Rc4 36. Ra2 Ke8 37. Kg3 d4 38. Kf4 Rc5 39. Ke4 Kd7
40. g4 Rc3 41. Bg5 Rc5 42. Bf6 Rd5 43. Rd2 Ra5 {#Diagram An instructive
illustration of the importance of passed pawns in endings. Here Black is a pawn
up, the pawn being part of  a healthy 2v1 majority on the queenside. I imagine
Lawrence fancied his chances of converting this into a win. On the kingside
it's 4v4, however it's very significant that the pawns aren't directly aligned,
this means both sides can create a passed pawn. This isn't something that gets
a lot of attention in the standard chess strategy books.} 44. h4 $1 {White
throws in a second pawn. The computer initially likes Black's extra material,
but the more time you give it, the more it appreciates the looming crisis on
the h file. It's possible White is winning here, even with best defence!} 44...
Rxa4 45. h5 gxh5 46. gxh5 Ra1 47. Rh2 $1 Rg1 $2 ( {The only hope for Black is a
desperate attack, starting with} 47... Re1+ {with some hope of engineering a
perpetual} ) 48. h6 Rg8 49. h7 Rf8 50. h8=Q Rxh8 51. Rxh8 a5 52. Rf8 a4 53.
Rxf7+ Kc8 54. Kd3 a3 55. Kc2 b5 56. Be7 Nxe5 57. Rf8+ Kb7 58. Bxa3 Nc6 59. Bc5
e5 60. Rf7+ Kc8 61. f4 exf4 62. Rf6 Kd7 63. Rxf4 Ke6 64. Bxd4 Nb4+ 65. Kd2 Kd5
66. Bg7 Nc6 67. Kc3 Kc5 68. Rf5+ Kb6 69. Bd4+ Ka5 70. Bf6 Ka4 71. Rf4+ Ka5 72.
Kb3 Ka6 73. Bc3 Kb7 74. Rf5 Kb6 75. Rf6 Kb7 76. Rf7+ Kb6 77. Rd7 Nb8 78. Rd6+
Kc5 79. Bb4# 1-0

[Event "Club Championships"]
[Site "Wellington Chess Club"]
[Date "2013.09.19"]
[Round "8"]
[White "Dive, Russell"]
[Black "Nyberg, Michael"]
[Result "1-0"]
[WhiteElo "2421"]
[BlackElo "2027"]

1. Nf3 Nf6 2. c4 g6 3. g3 Bg7 4. Bg2 O-O 5. O-O d5 6. d4 dxc4 7. Qa4 b5 8. Qxb5
Ba6 9. Qa4 c6 10. Nc3 Nd5 11. Rd1 Nb6 12. Qc2 N8d7 13. e4 Qc7 14. a4 Rad8 15.
a5 Nc8 16. e5 Rfe8 17. Ne4 Nxe5 18. dxe5 Rxd1+ 19. Qxd1 Rd8 20. Qc2 Bxe5 21.
Nxe5 Qxe5 22. Bf4 Qf5 23. Qc3 Rd3 24. Qe5 Qxe5 25. Bxe5 Bb5 26. Re1 f6 27. Bc3
Kf7 28. Bh3 Rd8 29. Bxc8 Rxc8 30. Bxf6 Rd8 31. Bc3 h6 32. h4 Ba4 33. Nd2 Bb5
34. Nf3 1-0

[Event "Club Championships"]
[Site "Wellington Chess Club"]
[Date "2013.09.19"]
[Round "8"]
[White "Heaton, Ken"]
[Black "Whittle, Jonathon"]
[Result "1-0"]
[WhiteElo "1684"]
[BlackElo "1736"]

1. e4 g6 2. d4 Bg7 3. Nc3 d6 4. Be3 Nd7 5. Qd2 h6 6. Bc4 e6 7. h4 a6 8. f4 Ne7
9. h5 b5 10. Bd3 c5 11. Nf3 Bb7 12. O-O-O Qa5 13. a3 b4 14. Nb1 Nc6 15. dxc5
Nxc5 16. Bxc5 Qxc5 17. hxg6 Na5 18. Qxb4 Qe3+ 19. Nbd2 Rc8 20. Kb1 Rc5 21. e5
Bxf3 22. Qb8+ Kd7 23. Qxd6+ Kc8 24. Bxa6+ Bb7 25. gxf7 Rc6 26. Bxb7+ Kxb7 27.
Qd7+ Ka8 28. Nb3 Rb6 29. Nxa5 Rhb8 30. Nc4 Rxb2+ 31. Nxb2 Qc3 32. Qa4+ Kb7 33.
Qb4+ 1-0

[Event "Club Championships"]
[Site "Wellington Chess Club"]
[Date "2013.09.19"]
[Round "8"]
[White "List, Robert"]
[Black "Veldhuizen, Matt"]
[Result "0-1"]
[WhiteElo "1702"]
[BlackElo "1574"]

1. e4 c6 2. d4 d5 3. exd5 cxd5 4. Bd3 Nf6 5. Nf3 Bg4 6. O-O Nc6 7. Be3 e6 8. a3
Bd6 9. h3 Bxf3 10. gxf3 Qc7 11. c4 a6 12. b4 dxc4 13. Bxc4 b5 14. Ba2 Rc8 15.
Nd2 Be7 16. Rc1 Qd7 17. Ne4 O-O 18. Nc5 Bxc5 19. bxc5 Nd5 20. Qd3 Rfd8 21. Bb1
g6 22. Qe4 Re8 23. Bh6 e5 24. Ba2 Nf6 25. Qh4 Nh5 26. d5 Nd4 27. Kg2 Nf5 28.
Qg4 Nf6 29. Qg5 Nh5 30. Kh2 Nxh6 31. Qxh6 Qf5 32. d6 {#Diagram This position is
certainly double-edged} 32... Qxf3 $5 {Bravely allowing the apparently
devastating pawn fork} 33. d7 Nf4 $1 {Good enough to salvage a perpetual,
according to the comp} 34. dxe8=Q+ $2 {Tempting but wrong. The perpetual line
starts with the sac-back Bxf7+!} 34... Rxe8 35. Bd5 $1 {The only way to keep
the game going, White a rook up, is strangely powerless} 35... Qxd5 36. f3 $2
{The fatal mistake}  (36. Qg5 { or} )  (36. Rg1 { and Black is better but the
game continues} ) 36... Qd2+ 37. Kg3 Qg2+ 38. Kh4 Qxh3+ 0-1

[Event "Club Championships"]
[Site "Wellington Chess Club"]
[Date "2013.09.19"]
[Round "8"]
[White "Pandey, Alok"]
[Black "Kay, Bruce"]
[Result "1-0"]
[WhiteElo "1901"]
[BlackElo "1825"]

1. f4 e5 2. fxe5 d6 3. Nf3 dxe5 4. Nxe5 Bd6 5. Nf3 Bg4 6. g3 Nf6 7. Bg2 c6 8.
Nc3 O-O 9. b3 Re8 10. Bb2 Nbd7 11. O-O Qc7 12. Qe1 Rad8 13. Qf2 a6 14. Nd1 Ne4
15. Qe1 Bxf3 16. Rxf3 Ndf6 17. d3 Ng5 18. Rf5 Ne6 19. Qf2 Ng4 20. Qf3 Ne5 21.
Qe4 Bc5+ 22. e3 Ng6 23. Qf3 Bd6 24. Nf2 Ne5 25. Qe4 Ng6 26. Qf3 Ne5 27. Bxe5
Bxe5 28. d4 Bxd4 29. exd4 Nxd4 30. Qg4 Nxc2 31. Rc1 Ne3 32. Qf4 Qxf4 33. Rxf4
Nxg2 34. Kxg2 Re2 35. a4 Rdd2 36. Kf1 Rb2 37. Rc3 Red2 38. Rcf3 f6 39. Rb4 Rd7
{#Diagram Black has a couple of pawns for his piece, but White should win} 40.
Rd3 {Oh dear} 40... Rxf2+ $1 41. Kxf2 Rxd3 42. Rxb7 {Who knows the most about
Rook endings ?} 42... Rd2+ 43. Kg1 Rb2 44. Rb6 a5 45. Rxc6 Rxb3 46. Rc5 Rb2 47.
Rxa5 Kf7 48. Ra7+ Kg6 49. a5 Ra2 50. a6 h5 51. Kh1 Kh6 52. Ra8 Kg5 {#Diagram
Black is better here, because his rook is behind the passed pawn, White's king
is poor and White has no rook checks as Black's king is well placed, advancing
in front of his pawns. Often Black can save an ending like this even if he's a
pawn down with White's king well placed to support the advanced pawn. The
saving technique in that case is to give up the rook for the 'a' pawn at the
last moment, whilst eating White's kingside with the king and rushing forward
the kingside pawns with White's king offside. In this much improved situation
Black has hopes of more than a draw } 53. Ra7 g6 54. Ra8 Kg4 {Black's advantage
is already decisive } 55. a7 $4 {And now it should be routine} 55... g5 $2
{Bruce, what are you thinking.}  ( {There's never been a more obvious winning
move} 55... Kf3 56. h4 Kxg3 {and mate follows} ) 56. Kg1 Kh3 $2 ( {The winner
is still} 56... Kf3 57. h3 Kxg3 58. Kf1 Kxh3 {etc} ) 57. Rh8 Ra1+ 58. Kf2 Ra2+
59. Kf3 Ra3+ 60. Ke4 Rxa7 61. Rxh5+ Kg4 62. Rh6 Ra4+ 63. Kd5 Ra5+ 64. Kd6 Ra6+
65. Kc7 Ra5 {Ian: A few moves missing here I think. Black lost on time on 77th
move} 1-0

[Event "Club Championships"]
[Site "Wellington Chess Club"]
[Date "2013.09.19"]
[Round "8"]
[White "Sknar, Andrew"]
[Black "Wight, Joshua"]
[Result "0-1"]
[WhiteElo "958"]
[BlackElo "1231"]

1. e4 e5 2. f4 f6 3. f5 Bc5 4. Nf3 c6 5. Nc3 d5 6. d3 dxe4 7. Nxe4 Bb6 8. Be2
Bxf5 9. Ng3 Be6 10. Be3 Bxe3 11. Nf1 Bb6 12. Qd2 Ne7 13. O-O-O Bxa2 14. Ne3 Bf7
15. Nc4 Bc5 16. b4 Bxc4 17. dxc4 Qxd2+ 18. Rxd2 Bxb4 19. Rd3 O-O 20. Rhd1 Na6
21. Rd7 b5 22. cxb5 cxb5 23. Rb7 Rfb8 24. Rdd7 Nc5 25. Rxb8+ Rxb8 26. Rxe7 Nb3+
27. cxb3 Bxe7 0-1

[Event "Club Championships"]
[Site "Wellington Chess Club"]
[Date "2013.09.19"]
[Round "8"]
[White "Stracy, Don"]
[Black "Rossiter, Philip"]
[Result "1/2-1/2"]
[WhiteElo "1851"]
[BlackElo "1836"]

1. e4 Nf6 2. e5 Nd5 3. d4 d6 4. Nf3 Bg4 5. c4 Nb6 6. exd6 cxd6 7. Nc3 g6 8. Be3
Bg7 9. h3 Bxf3 10. Qxf3 Nc6 11. c5 Nc8 12. Bb5 O-O 13. Bxc6 1/2-1/2

[Event "Club Championships"]
[Site "Wellington Chess Club"]
[Date "2013.09.19"]
[Round "8"]
[White "Timergazi, Layla"]
[Black "Tionko, Efrain"]
[Result "1-0"]
[WhiteElo "1889"]
[BlackElo "1844"]

1. d4 Nf6 2. c4 g6 3. Nc3 Bg7 4. e4 d6 5. h3 O-O 6. Be3 Na6 7. Nf3 e5 8. d5 Nc5
9. Qc2 a5 10. Bxc5 dxc5 11. Nxe5 Nxe4 12. Nxe4 Bxe5 13. Bd3 b6 14. O-O Qh4 15.
Nc3 Bd7 16. Rae1 Rae8 17. Re4 Qg5 18. f4 Bxf4 19. Rexf4 Bxh3 20. Ne4 Rxe4 21.
Bxe4 f5 22. Bd3 Re8 23. Qf2 Bg4 24. g3 h5 25. Re1 Rf8 26. Qe3 h4 27. Rf2 Qh5
28. gxh4 Qxh4 29. Rh2 Qd8 30. Qe6+ Kg7 31. Qe7+ 1-0

[Event "Club Championships"]
[Site "Wellington Chess Club"]
[Date "2013.09.19"]
[Round "8"]
[White "Wevita, Roshan"]
[Black "Sknar, Andrew"]
[Result "1-0"]
[WhiteElo "1511"]
[BlackElo "1370"]

1. e4 e5 2. Nf3 Nc6 3. Bc4 Nh6 4. d3 f6 5. Nc3 Bc5 6. Bxh6 gxh6 7. Nd5 d6 8.
Nh4 Nd4 9. c3 c6 10. Qh5+ Kf8 11. Ne3 Ne6 12. Nef5 Rg8 13. Nxh6 Qe7 14. Nxg8
Kxg8 15. Nf5 Qf8 16. O-O b5 17. Nh6+ Kg7 18. Nf5+ Kh8 19. Bb3 Nf4 20. Qg4 Bxf5
21. Qxf5 Nxd3 22. Rab1 a5 23. Bc2 Nf4 24. a3 Qg7 25. g3 Rg8 26. Kh1 Bb6 27. Bb3
d5 28. exd5 cxd5 29. Rbd1 h5 30. Rg1 Bxf2 31. Rgf1 Be3 32. Rf3 Bb6 33. Bc2 e4
34. Rxf4 Qh6 35. Rxd5 e3 36. Rd7 Rg7 37. Rxg7 Kxg7 38. Qd7+ Kf8 39. Bb3 Qg6 40.
Qd6+ Kg7 41. Qxb6 Qb1+ 42. Kg2 Qxb2+ 43. Kf3 Qxc3 44. Qa7+ Kh6 45. Bg8 Kg5 46.
h4+ Kg6 47. Qh7# 1-0

[Event "Club Championships"]
[Site "Wellington Chess Club"]
[Date "2013.09.19"]
[Round "9"]
[White "Stone, Andrew"]
[Black "Pomeroy, Arthur"]
[Result "1/2-1/2"]
[WhiteElo "2076"]
[BlackElo "2113"]

1. e4 c5 2. d4 cxd4 3. c3 Nf6 4. e5 Nd5 5. cxd4 e6 6. Nf3 d6 7. Nc3 Nxc3 8.
bxc3 Nc6 9. exd6 Bxd6 10. Bd3 Bd7 11. O-O Qa5 12. Bd2 O-O 13. Ng5 h6 14. Ne4
Be7 15. Rb1 Nd8 16. c4 Qc7 17. Bxh6 f5 18. Bg5 fxe4 19. Bxe7 exd3 20. Bxf8 Kxf8
21. Qxd3 Rc8 22. Rfc1 Kg8 23. Qa3 b6 24. d5 Be8 25. Re1 Bf7 26. d6 Qd7 27. Rec1
Rc6 1/2-1/2

[Event "Club Championships"]
[Site "Wellington Chess Club"]
[Date "2013.09.26"]
[Round "2"]
[White "Pomeroy, Arthur"]
[Black "Dive, Russell"]
[Result "0-1"]
[WhiteElo "2113"]
[BlackElo "2421"]

1. e4 e5 2. Nf3 Nf6 3. Nxe5 d6 4. Nf3 Nxe4 5. d4 d5 6. Bd3 Be7 7. O-O O-O 8. c4
Nf6 9. Nc3 dxc4 10. Bxc4 Nbd7 11. h3 Nb6 12. Bb3 Nbd5 13. Re1 Re8 14. Ne5 Be6
15. Bg5 c6 16. Qd2 h6 17. Bh4 Qa5 18. a3 Bf8 19. Bc2 c5 20. Qd3 Nf4 21. Qf3 g5
22. dxc5 Qxc5 23. Bg3 N4d5 24. Nxd5 Bxd5 25. Qd3 Be6 26. Rac1 Rad8 27. Qf3 Qe7
28. Ba4 Bd5 29. Qf5 Qe6 30. Qb1 Re7 31. Nd3 (31. Ng6 {should win} ) 31... Qa6
32. Nc5 $2 Rxe1+ 33. Rxe1 Bxc5 0-1

[Event "Club Championships"]
[Site "Wellington Chess Club"]
[Date "2013.09.26"]
[Round "2"]
[White "Stoeveken, Peter"]
[Black "Pandey, Alok"]
[Result "0-1"]
[WhiteElo "1910"]
[BlackElo "1901"]

1. d4 f5 2. Nc3 Nf6 3. Bg5 e6 4. e4 fxe4 5. Nxe4 Be7 6. Bxf6 Bxf6 7. Qh5+ g6 8.
Qg4 d6 9. Nf3 Nc6 10. Bb5 Bg7 11. Neg5 Qf6 12. O-O h6 13. Ne4 Qf5 14. Qxf5 gxf5
15. Bxc6+ bxc6 16. Ng3 h5 17. Rfe1 Kf7 18. c3 Rb8 19. Rab1 h4 20. Ne2 Ba6 21.
Nf4 Bc4 22. b3 Bd5 23. Ng5+ Kf6 24. Ngxe6 Be4 25. Rbd1 Bh6 26. f3 d5 27. fxe4
fxe4 28. Rf1 Kf5 29. Nxd5+ Kxe6 30. Nxc7+ Kd6 31. Na6 Rbe8 32. Rf6+ Kd7 33.
Rdf1 e3 34. Nc5+ Kc8 (34... Kd8 35. Rd6+ Kc7 36. Rf7+ Kc8 37. Rxc6+ Kb8 38.
Rb7+ Ka8 39. Ra6) 35. Rxc6+ Kb8 36. Rb1 (36. Na6+ Kb7 (36... Ka8 37. Rxh6 Rxh6
38. Nc7+ Kb8 39. Nxe8) 37. Rc7+ Kxa6 38. Rf6+ Kb5 39. Rc5#) 36... e2 37. Nd3
Be3+ 38. Kh1 Rhf8 0-1

[Event "Club Championships"]
[Site "Wellington Chess Club"]
[Date "2013.09.26"]
[Round "7"]
[White "Sellen, Ian"]
[Black "Stone, Andrew"]
[Result "1/2-1/2"]
[WhiteElo "2072"]
[BlackElo "2076"]

1. c4 Nf6 2. g3 g6 3. Bg2 Bg7 4. Nc3 c6 5. e4 e5 6. Nge2 O-O 7. O-O d6 8. d3
Be6 9. b3 Nh5 10. Be3 f5 11. f4 fxe4 12. fxe5 exd3 13. Nd4 Rxf1+ 14. Bxf1 Qd7
15. Nxe6 Qxe6 16. Qxd3 Qxe5 17. Rc1 Nd7 18. Bg2 Nc5 19. Qd2 Re8 20. Bf2 Rf8 21.
b4 Ne6 22. Ne4 Nf6 23. Qxd6 Nxe4 24. Qxe5 Bxe5 25. Bxe4 Bd4 1/2-1/2

[Event "Club Championships"]
[Site "Wellington Chess Club"]
[Date "2013.09.26"]
[Round "9"]
[White "Aldridge, Alan"]
[Black "Van der Hoorn, Mark"]
[Result "0-1"]
[WhiteElo "1990"]
[BlackElo "2230"]

1. e4 e5 2. Nf3 Nc6 3. Bb5 f5 4. d4 fxe4 5. Nxe5 Nf6 6. Nc3 Be7 7. O-O O-O 8.
Bg5 Qe8 9. Bc4+ Kh8 10. Qd2 d6 11. Nxc6 bxc6 12. Rae1 d5 13. Be2 Qg6 14. f3 Bf5
15. Bd1 Rae8 16. fxe4 dxe4 17. a3 Ng4 18. Bxg4 Bxg5 19. Bxf5 Rxf5 20. Qe2 e3
21. Rxf5 Qxf5 22. Rf1 Qe6 23. Qd3 Bh4 24. g3 Bf6 25. Ne2 Qd5 26. c3 Qb3 27. Qa6
Qxb2 28. Qxc6 Rg8 29. Qa6 Rf8 30. a4 Qb8 31. Qb5 Qd8 32. Qc5 Be7 33. Qh5 Rxf1+
34. Kxf1 Qf8+ 35. Ke1 Qf2+ 36. Kd1 Kg8 37. Kc2 g6 38. Qd5+ Kf8 39. Kd3 Qxh2 40.
Qf3+ Kg7 41. Qxe3 Bd6 42. Nf4 Bxf4 43. Qxf4 c6 44. Qe5+ Kh6 45. g4 Qxe5 46.
dxe5 Kg5 {#Diagram} 47. Ke4 $2 {A strange move. What is the king doing here?
Defending the e pawn? No, Black's king can't attack it! The alternatives }  (
47. Kd4 { or} )  (47. Kc4 { get to the weak c pawn a tempo faster - the
difference between likely victory and certain defeat!} ) 47... h5 48. Kd4 hxg4 49. Kc5 g3 50.
e6 g2 51. e7 g1=Q+ 52. Kd6 Qd1+ 53. Ke6 Qxa4 0-1

[Event "Club Championships"]
[Site "Wellington Chess Club"]
[Date "2013.09.26"]
[Round "9"]
[White "Bennett, Ezra"]
[Black "Sknar, Andrew"]
[Result "1-0"]
[WhiteElo "853"]
[BlackElo "958"]

1. d4 d5 2. Bf4 Nc6 3. e3 Bf5 4. Nf3 Nb4 5. Bd3 Nxd3+ 6. cxd3 Nf6 7. h3
{#Diagram} 7... Qd6 $4 {I wish I could add three, four or five more question
marks. Anyone for suicide chess?} 8. Bxd6 cxd6 9. Nc3 e6 10. Nb5 Rc8 11. Nxa7
Rc7 12. Rc1 Rxc1 13. Qxc1 Bxd3 14. Qc8+ Ke7 15. Qc7+ Ke8 16. Qb8+ Ke7 17. Qxb7+
Ke8 18. Qc8+ Ke7 19. Nc6# {A picturesque mate} 1-0

[Event "Club Championships"]
[Site "Wellington Chess Club"]
[Date "2013.09.26"]
[Round "9"]
[White "Farrington, Lawrence"]
[Black "Wevita, Roshan"]
[Result "1-0"]
[WhiteElo "1761"]
[BlackElo "1511"]

1. e4 e5 2. Nf3 Nc6 3. Nc3 Bc5 4. Nxe5 Bxf2+ 5. Kxf2 Nxe5 6. Be2 d6 7. Rf1 Nh6
8. d4 Qh4+ 9. Kg1 Neg4 10. Bxg4 Nxg4 11. Bf4 Nf6 12. Bg3 Qg5 13. Bf4 Qg6 14.
Qf3 O-O 15. Bg3 Re8 16. Rfe1 Bg4 17. Qd3 Nd7 18. Rf1 Qh5 19. Rf4 Nf6 20. Re1
Rad8 21. Qb5 b6 22. Qxh5 Bxh5 23. Nb5 c5 24. Bh4 d5 25. e5 h6 26. Bxf6 gxf6 27.
Rxf6 Bg6 28. c3 Rd7 29. Nd6 Ree7 30. Nf5 Bxf5 31. Rxf5 Re6 32. Ref1 Kg7 33.
R1f3 Kg6 34. Rf6+ Rxf6 35. Rxf6+ Kg7 36. g3 cxd4 37. cxd4 Rc7 38. Rd6 Rc1+ 39.
Kg2 Rc2+ 40. Kh3 Rxb2 41. a4 b5 42. Rxd5 bxa4 43. Ra5 Rb4 44. d5 Re4 45. d6 f6
46. d7 fxe5 47. d8=Q Rd4 48. Rxa7+ 1-0

[Event "Club Championships"]
[Site "Wellington Chess Club"]
[Date "2013.09.26"]
[Round "9"]
[White "Forster, Bill"]
[Black "Nijman, Brian"]
[Result "0-1"]
[WhiteElo "2075"]
[BlackElo "2186"]

1. c4 g6 2. g3 Bg7 3. Bg2 c5 4. Nc3 Nc6 5. e3 d6 6. Nge2 Bd7 7. O-O Qc8 8. Nf4
Nh6 9. b3 O-O 10. Bb2 Nf5 11. d3 Rb8 12. Qd2 Re8 13. Rac1 Nd8 14. Nce2 Ne6 15.
Nd5 Nc7 16. Bxg7 Nxg7 17. Nef4 Nxd5 18. Nxd5 Bh3 19. f4 Bxg2 20. Qxg2 Qd8 21.
Rc2 e6 22. Nc3 a6 {Black has slowly but surely absorbed White's pressure and I
now have diddly. I've never been very good at handling situations like this.
"Sensible play" of some kind is required with a likely draw} 23. g4 $6 {Instead
I insist on excitement} 23... f5 24. e4 Qf6 25. gxf5 Qd4+ {I have succeeded in
provoking a certain amount of chaos. Ironically the quiet phase of the game was
played slowly, but now the exciting phase is played with both players in time
trouble.} 26. Kh1 exf5 27. Nd5 Kh8 28. Re2 b5 29. cxb5 axb5 30. Re3 c4 $1
{Black starts firing some serious shots} 31. Rd1 cxd3 32. Rexd3 Qxe4 33. R3d2
Qxg2+ 34. Kxg2 {I am left to play a pawn down ending - still, it should be
drawn....} 34... Re6 35. Nc7 Re4 36. Rxd6 Nh5 {#Diagram} 37. Ne6 $4 Rxe6 $1 0-1

[Event "Club Championships"]
[Site "Wellington Chess Club"]
[Date "2013.09.26"]
[Round "9"]
[White "Jackson, Ross"]
[Black "Miriyala, Rama Rao"]
[Result "1-0"]
[WhiteElo "1990"]
[BlackElo "1906"]

1. d4 Nf6 2. Nf3 e6 3. Bg5 d5 4. e3 Bb4+ 5. c3 Bd6 6. Bd3 c5 7. Nbd2 h6 8. Bh4
Nbd7 9. O-O e5 10. dxe5 Nxe5 11. Nxe5 Bxe5 12. Nf3 Bd6 13. Bb5+ Kf8 14. Bxf6
gxf6 15. Qd2 Bg4 16. Be2 Qc7 17. g3 Rg8 18. Rfd1 Be6 19. Nh4 Rg5 20. Ng2 Rg8
21. f4 Rg7 22. Bf3 Be7 23. Qc2 Qb6 24. f5 Bc8 25. Bxd5 {I give up. The score is
mostly written in Dentistese. White won in 51 moves} 1-0

[Event "Club Championships"]
[Site "Wellington Chess Club"]
[Date "2013.09.26"]
[Round "9"]
[White "Kay, Bruce"]
[Black "Timergazi, Layla"]
[Result "1-0"]
[WhiteElo "1825"]
[BlackElo "1889"]

1. d4 d5 2. c4 c6 3. Nf3 Nf6 4. Nc3 e6 5. e3 Nbd7 6. Bd3 dxc4 7. Bxc4 b5 8. Bd3
a6 9. O-O c5 10. Qe2 Bb7 11. Bd2 Bd6 12. Rac1 Qb8 13. h3 O-O 14. e4 cxd4 15.
Nxd4 Rd8 16. Nf3 Nc5 17. Bb1 b4 18. Nd1 Ncxe4 19. Ne3 Nxd2 20. Nxd2 Nd5 21.
Nxd5 Bxd5 22. Rfd1 Qb7 23. Be4 Bxe4 24. Nxe4 Bf4 25. Rxd8+ Rxd8 26. Rd1 Rxd1+
27. Qxd1 Qd5 28. Qxd5 exd5 29. Nc5 d4 30. Nxa6 Bd6 31. Kf1 d3 32. Ke1 Be5 33.
Nxb4 Bxb2 34. Nxd3 Ba3 35. Kd2 Kf8 36. Kc3 Ke7 37. Nb4 Kd6 38. Kb3 Bc1 39. a4
Bg5 40. Kc4 1-0

[Event "Club Championships"]
[Site "Wellington Chess Club"]
[Date "2013.09.26"]
[Round "9"]
[White "Nyberg, Michael"]
[Black "Ker, Anthony"]
[Result "0-1"]
[WhiteElo "2027"]
[BlackElo "2422"]

1. d4 d6 2. Nf3 Bg4 3. c3 Bxf3 4. exf3 Nf6 5. Qa4+ Nbd7 6. Nd2 e6 7. Bd3 Be7 8.
Qb5 Qc8 9. Ne4 d5 10. Ng3 O-O 11. h4 a6 12. Qa4 c5 13. Bf4 b5 14. Qd1 Nb6 15.
dxc5 Qxc5 16. h5 Na4 17. Qc2 Rac8 18. Be5 h6 19. f4 Nd7 20. Bd4 Qc7 21. Bh7+
Kh8 22. Bg6 Qxf4 23. Ne2 Qd6 24. Ng3 e5 25. Nf5 Qe6 26. Be3 d4 27. Nxe7 Qxe7
28. Bxh6 gxh6 29. Bf5 dxc3 30. b3 Nab6 31. Rh3 Rg8 32. g4 Rc7 33. Rd1 Nf6 34.
Qc1 Rg5 35. Rhd3 Kg7 36. Rd6 c2 37. R1d2 Nxg4 38. Rxb6 Ne3 39. Ke2 Nxf5 40. Rd3
Nd4+ 41. Kf1 Qa3 0-1

[Event "Club Championships"]
[Site "Wellington Chess Club"]
[Date "2013.09.26"]
[Round "9"]
[White "Tionko, Efrain"]
[Black "Cook, John"]
[Result "1-0"]
[WhiteElo "1844"]
[BlackElo "1604"]

1. e4 c5 2. Nf3 Nc6 3. Bb5 a6 4. Bxc6 dxc6 5. O-O Bg4 6. d3 e5 7. Be3 Bd6 8.
Nbd2 b6 9. c3 Nf6 10. Qc2 h6 11. d4 Qe7 12. dxe5 Bxe5 13. Nxe5 Qxe5 14. f4 Qc7
15. Rae1 O-O {#Diagram} 16. f5 $1 {Winning a piece and the game} 16... Bh5 17.
h3 Rfe8 18. Bf4 Qa7 19. g4 Bxg4 20. hxg4 Nxg4 21. Nf3 b5 22. Nh2 c4+ 23. Kh1
Nf6 24. Qg2 Kh7 25. Ng4 Qe7 26. e5 Nxg4 27. Qxg4 Qf8 28. Re2 Rad8 29. Rh2 f6
30. Qg6+ 1-0

[Event "Club Championships"]
[Site "Wellington Chess Club"]
[Date "2013.09.26"]
[Round "9"]
[White "Veldhuizen, Matt"]
[Black "Brockway, Andrew"]
[Result "0-1"]
[WhiteElo "1574"]
[BlackElo "1770"]

1. e4 c5 2. d4 cxd4 3. c3 g6 4. cxd4 d5 5. e5 Nc6 6. Be3 Bg7 7. Nf3 Bg4 8. Be2
e6 9. Nc3 Nge7 10. Rc1 O-O 11. O-O Bxf3 12. Bxf3 Nf5 13. Re1 f6 14. exf6 Bxf6
15. Ne2 Qb6 16. b3 Rae8 17. Qd2 Nfxd4 18. Nxd4 Bxd4 19. Bh6 Bg7 20. Bxg7 Kxg7
21. Qc3+ Qd4 22. Qc2 Ne5 23. Qc7+ Kf6 24. Re3 Re7 25. Qc2 Nxf3+ 26. Rxf3+ Kg7
27. Rxf8 Kxf8 28. Qc8+ Kg7 29. Qc2 Rf7 30. Qe2 Qf6 31. f3 Re7 32. Qd3 Qb2 33.
Rc2 Qf6 34. Kf2 Rd7 35. Qb5 Qe7 36. Qd3 e5 37. Re2 Qc5+ 38. Kf1 Re7 39. Rc2 Qd6
40. Qc3 d4 41. Qd3 Rc7 42. Ke2 Rxc2+ 43. Qxc2 Qc6 44. Qd3 a6 45. Kd2 Qc5 46. h3
Qb4+ 47. Ke2 Kf6 48. g3 Qb5 49. a4 Qxd3+ 50. Kxd3 b5 51. f4 Kf5 52. fxe5 Kxe5
53. h4 h5 0-1